000 00417nam a2200181Ia 4500
001 8408
005 20260306160607.0
008 260306t1994||||xx |||||||||||||| ||spa||
041 _aESP
082 _a370.73
_bR47
100 _aRey, Ricardo
_eAUT
245 0 _aUna universidad en el desierto
260 _c1994
300 _a79 páginas :
_c18 cm.
650 _aGEN
654 _aCED
942 _cLIB
_dJUS
_fJUS
_2ddc
_n
999 _c8408
_d8408